Konvertirujemost' rublja: vnutrennaja i vnešnjaja.

Charakteristika vnútornej a vonkajšej konvertibility a ich rozdielov. Čiastočná a úplná konvertibilita. Konvertibilita a úroveň tovarovej výroby v danej krajine. Závislosť vonkajšej konvertibility od rozšírenia exportu tovarov a služieb. Trh a konvertibilita. Predpoklady vnútornej konvertibility rub...

ver descrição completa

Na minha lista:
Detalhes bibliográficos
Autor principal: Semenov, K.
Formato: Capítulo de Livro
Idioma:russo
Assuntos:
Tags: Adicionar Tag
Sem tags, seja o primeiro a adicionar uma tag!

MARC

LEADER 00000naa a2200000 4500
001 r009160
005 20221208123201.6
041 0 |a rus 
044 |a [SU] 
245 1 0 |a Konvertirujemost' rublja: vnutrennaja i vnešnjaja.  |c K. Semenov 
520 |a Charakteristika vnútornej a vonkajšej konvertibility a ich rozdielov. Čiastočná a úplná konvertibilita. Konvertibilita a úroveň tovarovej výroby v danej krajine. Závislosť vonkajšej konvertibility od rozšírenia exportu tovarov a služieb. Trh a konvertibilita. Predpoklady vnútornej konvertibility rubľa od r. 1992. 
610 2 0 |a konvertibilita 
610 2 0 |a rubeľ 
610 2 0 |a Spoločenstvo nezávislých štátov 
610 2 0 |a výroba tovarová 
610 2 0 |a trh 
610 2 0 |a vývoz 
610 2 0 |a vývoz služieb 
610 2 0 |a 1992 
100 1 |a Semenov, K.